000 00525nam a2200181Ia 4500
005 20250423101357.0
008 250422s9999 xx 000 0 und d
020 _a9780199744220
050 _aBF 637.C6 .O94/
100 _aEdited by Carolyn Zerbe Enn & Elizabeth Nutt Williams
245 4 _aThe oxford handbook of feminist multicultural counselling psychology
260 _aNew York
260 _bOxford Univeersty Perss
260 _c2013
300 _a511 p
650 _aCounseling. Psychotherapy.
942 _cBK
999 _c36127
_d36127